Every Song by Soft Cell - Statistics

General Stats
  • This quiz has been taken 5 times
  • The average score is 8 of 95
Answer Stats
Album Song % Correct
This Last Night in Sodom(1984) Down in the Subway
60%
Non-Stop Erotic Cabaret(1981) Say Hello, Wave Goodbye
60%
Non-Stop Erotic Cabaret(1981) Sex Dwarf
60%
Non-Stop Erotic Cabaret(B-Side)(1996) ....So
60%
The Art of Falling Apart(1983) The Art of Falling Apart
60%
The Singles(1986) Torch
60%
Non-Stop Erotic Cabaret(1981) Bedsitter
40%
The Art of Falling Apart(Bonus)(1998) Martin
40%
The Art of Falling Apart(1983) Numbers
40%
Non-Stop Erotic Cabaret(1981) Seedy Films
40%
The Art of Falling Apart(B-Side)(1998) Barriers
20%
Non-Stop Erotic Cabaret(1981) Chips on My Shoulder
20%
The Art of Falling Apart(1983) Forever the Same
20%
Non-Stop Erotic Cabaret(1981) Frustration
20%
The Twelve Inch Singles(1982) Fun City
20%
*Happiness Not Included(2022) *Happiness Not Included
20%
This Last Night in Sodom(1984) L'Esqualita
20%
The Art of Falling Apart(1983) Loving You, Hating Me
20%
Down in the Subway(1994) Loving You Hating Me
20%
This Last Night in Sodom(1984) Meet Murder My Angel
20%
Non Stop Ecstatic Dancing(1982) Memorabilia
20%
This Last Night in Sodom(1984) Soul Inside
20%
Cruelty Without Beauty(2002) The Night
20%
This Last Night in Sodom(1984) Where Was Your Heart (When You Needed It Most)
20%
The Bedsit Tapes(2005) A Cut Above the Rest
0%
Cruelty Without Beauty(2002) All Out of Love
0%
Non Stop Ecstatic Dancing(1982) A Man Could Get Lost
0%
The Art of Falling Apart(1983) Baby Doll
0%
Happiness Now Completed(2024) Back to Nature
0%
The Bedsit Tapes(2005) Bleak Is My Favourite Cliché
0%
This Last Night in Sodom(B-Side)(1998) Born to Lose
0%
*Happiness Not Included(2022) Bruises on All My Illusions
0%
Cruelty Without Beauty(2002) Caligula Syndrome
0%
The Bedsit Tapes(2005) Cleansing Fanatic
0%
Cruelty Without Beauty(2002) Darker Times
0%
Happiness Now Completed(2024) Defiant
0%
Cruelty Without Beauty(2002) Desperate
0%
This Last Night in Sodom(B-Side)(1998) Disease and Desire
0%
The Very Best of Soft Cell(2002) Divided Soul
0%
Non-Stop Erotic Cabaret(1981) Entertain Me
0%
The Bedsit Tapes(2005) Excretory Eat Anorexia Nervosa
0%
The Twelve Inch Singles(1982) Facility Girls
0%
The Bedsit Tapes(2005) Factory Fun
0%
Happiness Now Completed(2024) First Hand Experience In Second Hand Love
0%
Happiness Now Completed(2024) Gemini Lounge
0%
*Happiness Not Included(2022) Happy Happy Happy
0%
*Happiness Not Included(2022) Heart Like Chernobyl
0%
The Art of Falling Apart(1983) Heat
0%
This Last Night in Sodom(B-Side)(1998) Her Imagination
0%
*Happiness Not Included(2022) I'm Not a Friend of God
0%
The Twelve Inch Singles(1982) Insecure Me
0%
The Art of Falling Apart(B-Side)(1998) It's a Mug's Game
0%
Happiness Now Completed(2024) Jukebox Head
0%
The Art of Falling Apart(1983) Kitchen Sink Drama
0%
Cruelty Without Beauty(2002) Last Chance
0%
Cruelty Without Beauty(2002) Le Grand Guignol
0%
*Happiness Not Included(2022) Light Sleepers
0%
This Last Night in Sodom(1984) Little Rough Rhinestone
0%
Mutant Moments(1980) L.O.V.E. Feelings
0%
Mutant Moments(1980) Metro MRX
0%
The Bedsit Tapes(2005) Mix
0%
Cruelty Without Beauty(2002) Monoculture
0%
This Last Night in Sodom(1984) Mr. Self Destruct
0%
Happiness Now Completed(2024) Murder Your Darlings
0%
*Happiness Not Included(2022) New Eden
0%
*Happiness Not Included(2022) Nighthawks
0%
Happiness Now Completed(2024) Night & the City
0%
*Happiness Not Included(2022) Nostalgia Machine
0%
The Bedsit Tapes(2005) Occupational Hazard
0%
Cruelty Without Beauty(2002) On an Up
0%
*Happiness Not Included(2022) Polaroid
0%
Mutant Moments(1980) Potential
0%
The Bedsit Tapes(2005) Purely Functional
0%
*Happiness Not Included(2022) Purple Zone
0%
The Bedsit Tapes(2005) Pyrex My Cuisine
0%
Happiness Now Completed(2024) Quiet Rebellion
0%
The Bedsit Tapes(2005) Science Fiction Stories
0%
Non-Stop Erotic Cabaret(1981) Secret Life
0%
Cruelty Without Beauty(2002) Sensation Nation
0%
This Last Night in Sodom(1984) Slave to This
0%
The Very Best of Soft Cell(2002) Somebody, Somewhere, Sometime
0%
Happiness Now Completed(2024) Strange Kinda Dance
0%
This Last Night in Sodom(1984) Surrender to a Stranger
0%
This Last Night in Sodom(1984) The Best Way to Kill
0%
Happiness Now Completed(2024) The Day the World Turned Day-Glo
0%
Cruelty Without Beauty(2002) Together Alone
0%
*Happiness Not Included(2022) Tranquiliser
0%
The Bedsit Tapes(2005) Tupperware Party
0%
Happiness Now Completed(2024) Vapourise
0%
The Bedsit Tapes(2005) Walking Make-Up Counter
0%
Cruelty Without Beauty(2002) Whatever it Takes
0%
The Art of Falling Apart(1983) Where the Heart Is
0%
Happiness Now Completed(2024) You Kill Me
0%
This Last Night in Sodom(B-Side)(1998) You Only Live Twice
0%
Non-Stop Erotic Cabaret(1981) Youth
0%
No matching quizzes found
Score Distribution
Percent of People with Each Score
Percentile by Number Answered
Your Score History
You have not taken this quiz